[Event "Hamburg St Pauli op-B"]
[Site "Hamburg"]
[Date "2011.07.11"]
[Round "4"]
[White "Angeli, Rudolf"]
[Black "Vokroj, Gabriela"]
[Result "0-1"]
[WhiteElo "1724"]
[BlackElo "1855"]
[PlyCount "76"]
[EventDate "2011.07.09"]
[EventType "swiss"]
[EventRounds "9"]
[EventCountry "GER"]
[SourceTitle "CBM 143 Extra"]
[Source "ChessBase"]
[SourceDate "2011.08.29"]
[SourceVersion "1"]
[SourceVersionDate "2011.08.29"]
[SourceQuality "1"]

1. d4 Nf6 2. Nc3 d5 3. Bg5 e6 4. e4 dxe4 5. Nxe4 Be7 6. Bxf6 Bxf6 7. Nf3 0-0 8. c3 Nd7 9. g4 Bh4 10. Bd3 f5 11. gxf5 exf5 12. Ng3 Re8+ 13. Ne2 Nf8 14. Qc2 g6 15. Rg1 Kh8 16. Ne5 Be6 17. Nf4 Bg8 18. 0-0-0 Bg5 19. Qd2 Ne6 20. Nfxg6+ hxg6 21. Nxg6+ Kh7 22. f4 Kxg6 23. Qf2 Qd5 24. Rxg5+ Nxg5 25. Rg1 Be6 26. Qh4 Rg8 27. Be2 Kf7 28. fxg5 Qxa2 29. g6+ Ke8 30. Qf6 Kd7 31. d5 Bxd5 32. Qxf5+ Be6 33. Rd1+ Ke7 34. Qc5+ Ke8 35. Qh5 Qa1+ 36. Kc2 Qa4+ 37. Kc1 Qf4+ 38. Kc2 Qf5+ 0-1

[Event "Hamburg-chA"]
[Site "Hamburg"]
[Date "2010.05.26"]
[Round "5.5"]
[White "Angeli, Rudolf"]
[Black "Lochmann, Viktor"]
[Result "0-1"]
[WhiteElo "1712"]
[BlackElo "1759"]
[PlyCount "130"]
[EventDate "2010.05.22"]
[EventType "swiss"]
[EventRounds "9"]
[EventCountry "GER"]
[SourceTitle "EXT 2011"]
[Source "ChessBase"]
[SourceDate "2010.11.26"]
[SourceVersion "1"]
[SourceVersionDate "2010.11.26"]
[SourceQuality "1"]

1. d4 d5 2. Nc3 Nf6 3. Bg5 h6 4. Bh4 c6 5. e3 Bf5 6. Bxf6 exf6 7. Bd3 Bxd3 8. Qxd3 Nd7 9. Nge2 Nb6 10. b3 Bd6 11. 0-0 0-0 12. Qf5 Qd7 13. Qh5 Kh7 14. f4 g6 15. Qh4 f5 16. Rf3 Be7 17. Qh3 Rae8 18. Raf1 Kg7 19. Qg3 Qe6 20. h3 Nd7 21. Qe1 Bb4 22. Qa1 Nf6 23. Ng3 h5 24. Nge2 Qd6 25. Qd1 Qc7 26. Na4 b5 27. Nc5 Qa5 28. a4 Bxc5 29. dxc5 bxa4 30. bxa4 Qxc5 31. Nd4 Qc4 32. Qd3 Qxd3 33. cxd3 c5 34. Nc6 a6 35. Rb1 Nd7 36. a5 Re6 37. Rb7 Rxc6 38. Rxd7 c4 39. dxc4 dxc4 40. Rf1 c3 41. Rc1 Rb8 42. Kh2 c2 43. Rd2 Rb2 44. Kg3 Rc3 45. Kf3 Ra2 46. Ke2 Rc5 47. Kd3 Ra3+ 48. Ke2 Ra2 49. Kd3 Ra3+ 50. Ke2 Raxa5 51. Rdxc2 Rxc2+ 52. Rxc2 Ra1 53. Kd2 a5 54. Kc3 a4 55. Re2 a3 56. Kb3 h4 57. Kc4 Kf6 58. Kd5 a2 59. Rd2 Re1 60. Rxa2 Rxe3 61. Ra6+ Kg7 62. Ra2 Re4 63. Rf2 Kf6 64. Rf3 Re2 65. Rc3 Rxg2 0-1

[Event "GER Seniors Derby 09th"]
[Site "Wesel Undeloh"]
[Date "2010.04.09"]
[Round "3.9"]
[White "Dohmes, Herbert"]
[Black "Angeli, Rudolf"]
[Result "1/2-1/2"]
[WhiteElo "2000"]
[BlackElo "1695"]
[PlyCount "42"]
[EventDate "2010.04.08"]
[EventType "swiss"]
[EventRounds "7"]
[EventCountry "GER"]
[SourceTitle "EXT 2022"]
[Source "ChessBase"]
[SourceDate "2021.10.06"]
[SourceVersion "1"]
[SourceVersionDate "2021.10.06"]
[SourceQuality "1"]

1. d4 Nf6 2. Nf3 c5 3. e3 cxd4 4. exd4 d5 5. Bd3 g6 6. 0-0 Bg7 7. c3 0-0 8. Re1 Re8 9. Nbd2 Nbd7 10. Nf1 a6 11. h3 b5 12. a3 Nb6 13. Bf4 Bd7 14. Ne5 Rc8 15. Qe2 Nh5 16. Bh2 e6 17. g4 Nf6 18. Bf4 Nc4 19. Bg5 h6 20. Bh4 g5 21. Bg3 Bc6 1/2-1/2

[Event "Landesliga Sued 9697"]
[Site "Bayern"]
[Date "1996.12.08"]
[Round "3"]
[White "Angeli, Rudolf"]
[Black "Reisinger, Markus"]
[Result "1/2-1/2"]
[WhiteElo "1820"]
[BlackElo "1940"]
[PlyCount "37"]
[EventDate "1996.10.13"]
[EventType "team-tourn"]
[EventRounds "9"]
[EventCountry "GER"]
[SourceTitle "EXT 2020"]
[Source "ChessBase"]
[SourceDate "2019.10.17"]
[SourceVersion "1"]
[SourceVersionDate "2019.10.17"]
[SourceQuality "1"]
[WhiteTeam "Haunstetten TSV"]
[BlackTeam "Groebenzell"]
[WhiteTeamCountry "GER"]
[BlackTeamCountry "GER"]

1. d4 d5 2. Nc3 Nf6 3. Bg5 g6 4. e3 Bg7 5. Bd3 0-0 6. Nf3 Bg4 7. h3 Bxf3 8. Qxf3 c6 9. Bxf6 Bxf6 10. h4 Nd7 11. h5 Re8 12. hxg6 fxg6 13. Qg4 e5 14. Bxg6 hxg6 15. Qxg6+ Bg7 16. Qh7+ Kf8 17. Qf5+ Qf6 18. Qxd7 exd4 19. Ne2 1/2-1/2

[Event "Regionalliga SW 9596"]
[Site "Bayern"]
[Date "1995.??.??"]
[Round "?"]
[White "Angeli, Rudolf"]
[Black "Wolf, Gerhard1111"]
[Result "1/2-1/2"]
[WhiteElo "1785"]
[BlackElo "2005"]
[PlyCount "43"]
[EventDate "1995.10.??"]
[EventType "team-tourn"]
[EventRounds "9"]
[EventCountry "GER"]
[SourceTitle "EXT 1999"]
[Source "ChessBase"]
[SourceDate "1998.11.16"]
[SourceVersion "1"]
[SourceVersionDate "1998.11.16"]
[SourceQuality "1"]
[WhiteTeam "Haunstetten"]
[BlackTeam "Muenchen FC Bayern II"]
[WhiteTeamCountry "GER"]
[BlackTeamCountry "GER"]

1. d4 g6 2. e4 d6 3. Nc3 Bg7 4. Be2 Nd7 5. h4 h6 6. h5 g5 7. f4 gxf4 8. Bxf4 e5 9. dxe5 Nxe5 10. Nf3 Nc6 11. Qd2 Bg4 12. 0-0-0 Nge7 13. Nd4 Qd7 14. Nf5 Bxf5 15. exf5 Qxf5 16. Rh4 Qa5 17. Bc4 0-0-0 18. Bxf7 Qf5 19. Bc4 Bf6 20. g4 Qa5 21. Be6+ Kb8 22. Rh3 1/2-1/2